Japanese influences and presences in Asia (Record no. 9639)
[ view plain ]
| 000 -LEADER | |
|---|---|
| fixed length control field | 00419nam a2200169Ia 4500 |
| 020 ## - INTERNATIONAL STANDARD BOOK NUMBER | |
| ISBN | 0700711104 |
| 082 ## - DEWEY DECIMAL CLASSIFICATION NUMBER | |
| Classification number | 302.1308995605 Jap- |
| 245 #0 - TITLE STATEMENT | |
| Title | Japanese influences and presences in Asia |
| 260 ## - PUBLICATION, DISTRIBUTION, ETC. (IMPRINT) | |
| Place of publication | Richmond |
| Name of publisher | Curzon Press |
| Year of publication | 2000 |
| 300 ## - PHYSICAL DESCRIPTION | |
| Number of Pages | 266 |
| 504 ## - BIBLIOGRAPHY, ETC. NOTE | |
| Bibliography, etc | includes index |
| 650 ## - SUBJECT ADDED ENTRY--TOPICAL TERM | |
| Topical Term | Social Influence |
| 650 ## - SUBJECT ADDED ENTRY--TOPICAL TERM | |
| Topical Term | Japanese |
| Geographic subdivision | Asia |
| 700 ## - ADDED ENTRY--PERSONAL NAME | |
| Personal name | Reader, Ian |
| 700 ## - ADDED ENTRY--PERSONAL NAME | |
| Personal name | Soderberg, Marie |
| 942 ## - ADDED ENTRY ELEMENTS (KOHA) | |
| Koha item type | Books |
| Source of classification or shelving scheme | Dewey Decimal Classification |
| Withdrawn status | Lost status | Damaged status | Not for loan | Collection code | Home library | Current library | Date acquired | Bill Date | Full call number | Accession Number | Price effective from | Koha item type |
|---|---|---|---|---|---|---|---|---|---|---|---|---|
| Docas Books | NASSDOC Library | NASSDOC Library | 07/09/2016 | 2005-02-11 | 302.1308995605 Jap- | D000875 | 18/04/2019 | Books |
